000
00346nam a2200157Ia 4500
100
_a
Kanagasabai/S
650
_a
Environment
942
_c
BK
366
_f
20
245
_a
Text book on Environmental studies
260
_b
Prentice Hall of India
_c
2010
082
_a
628
_b
KAN
300
_a
164
546
_a
ENGLISH
_c
Computers
999
_c
18599
_d
18599